Geography Quiz

Random Geography or City Quiz

Europe Map: Capitals Not Welcome Quiz Stats

 Plays Quiz Updated Dec 14, 2016

Challenge
Share
Tweet
Score 0/47 Timer 15:00
0 Plays Today
% Correct
Escaldes-Engordany,
Andorra
100%
Schaan, Liech.
100%
Monaco,
Monaco
100%
Serravalle,
San Marino
100%
Vatican City,
Vatican City
100%
Barcelona, Spain
89.7%
Birmingham, UK
88.4%
Hamburg, Germany
88%
Marseille, France
86.4%
St. Petersburg, Russia
83.9%
Milan, Italy
83.7%
Istanbul, Turkey
78.4%
Rotterdam, Netherlands
75.9%
Nikšić, Montenegro
75.9%
Zurich, Switzerland
74.6%
Cork, Ireland
74.3%
Kraków, Poland
72.2%
Porto, Portugal
67%
Antwerp, Belgium
65.5%
Gothenburg, Sweden
62.7%
Graz, Austria
57.7%
Bergen, Norway
53.5%
Kharkiv, Ukraine
48.7%
Thessaloníki, Greece
45.5%
% Correct
Split, Croatia
43.8%
Brno, Czechia
40%
Aarhus, Denmark
38.4%
Espoo, Finland
32.4%
Lemesós, Cyprus
24.5%
Plovdiv, Bulgaria
22.8%
Cluj-Napoca, Romania
22.3%
Debrecen, Hungary
21.4%
Kaunas, Lithuania
21.3%
Novi Sad, Serbia
20.6%
Banja Luka, B&H
18.1%
Maribor, Slovenia
17.5%
Kópavogur, Iceland
16.8%
Gomel, Belarus
16.1%
Tartu, Estonia
15.9%
Košice, Slovakia
15.4%
Birkirkara, Malta
15%
Durrës, Albania
13.2%
Daugavpils, Latvia
12.7%
Bălţi, Moldova
12.2%
Esch-sur-Alzette,
Luxembourg
12.2%
Prizren, Kosovo
10%
Kumanovo, Macedonia
7.9%

You're not logged in!

Compare scores with friends on all Sporcle quizzes.
OR
Log In

You Might Also Like...

Show Comments

Extras

Top Quizzes Today


Score Distribution

Your Account Isn't Verified!

In order to create a playlist on Sporcle, you need to verify the email address you used during registration. Go to your Sporcle Settings to finish the process.

Report this User

Report this user for behavior that violates our Community Guidelines.

Details: